00514cam a22001457a 4500999001900000008003800019082002500057245003900082260003700121300000900158500009100167650005800258700004400316942000800360 c513353d513353180718b-- xxu||||| |||| 00| 0 eng d aL906x54221 G/2017-18 aAccounts at a glance, Chhattisgarh aRaipurbAccountant Generalc2018 a43p. aLibrary has 2005/06-2006/07 (Hindi), 2007/08 (Hindi), 2009/10-2010/11 (Hindi),2017/18. aChhattisgarh - Appropriations and expenditures916059 aChhattisgarh. Accountant General916060 2ddc